|
|
|
|
| LEADER |
01619nam a2200421 a 4500 |
| 001 |
nkc20132436054 |
| 003 |
CZ PrNK |
| 005 |
20130730084900.0 |
| 007 |
ta |
| 008 |
130111s2012 xr a f 001 0 cze |
| 015 |
|
|
|a cnb002436054
|
| 020 |
|
|
|a 978-80-7345-291-9
|q (brož.)
|
| 035 |
|
|
|a (OCoLC)827263624
|
| 040 |
|
|
|a BOA001
|b cze
|d ABA001
|
| 072 |
|
7 |
|a 613
|x Hygiena. Lidské zdraví
|2 Konspekt
|9 14
|
| 080 |
|
|
|a 613.88
|2 MRF
|
| 080 |
|
|
|a (048.8:082)
|2 MRF
|
| 100 |
1 |
|
|a Turčan, Pavel,
|d 1968-
|7 xx0141401
|4 aut
|
| 245 |
1 |
0 |
|a Sexuologie pro urology a gynekology /
|c Pavel Turčan, Pavel Pokorný, Tomáš Fait
|
| 260 |
|
|
|a Praha :
|b Maxdorf,
|c c2012
|
| 300 |
|
|
|a 437 s. :
|b il. ;
|c 23 cm
|
| 490 |
1 |
|
|a Jessenius
|
| 504 |
|
|
|a Obsahuje bibliografie a rejstřík
|
| 650 |
0 |
7 |
|a sexuologie
|7 ph125498
|2 czenas
|
| 650 |
0 |
9 |
|a sexology
|2 eczenas
|
| 655 |
|
7 |
|a kolektivní monografie
|7 fd501537
|2 czenas
|
| 655 |
|
9 |
|a collective monographs
|2 eczenas
|
| 700 |
1 |
|
|a Pokorný, Pavel
|7 mzk2013741960
|4 aut
|
| 700 |
1 |
|
|a Fait, Tomáš,
|d 1971-
|7 xx0053331
|4 aut
|
| 830 |
|
0 |
|a Jessenius
|0 s
|
| 910 |
2 |
|
|a BOA001
|b 2-1298.455
|
| 990 |
|
|
|a BK
|
| 995 |
|
|
|a 01
|
| 991 |
|
|
|b 201301
|c NOV
|e n
|
| 996 |
6 |
|
|b 2610535993
|c 2-1298.455
|l MZK
|r Sklad / do 1 hodiny
|n 6
|p p.v.
|w 001308516
|u 000010
|a 1
|e BOA001
|j MZK50
|s P
|
| 996 |
6 |
|
|b 2610540908
|c 2-1298.455
|l MZK
|r STM 6p
|n 0
|p kup
|h 613.88 TUR
|w 001308516
|u 000020
|a 0
|e BOA001
|j MZK50
|s P
|
| 996 |
7 |
|
|b 2610540909
|c 2-1298.455
|l MZK
|r Sklad / do 1 hodiny
|n 13
|p kup
|w 001308516
|u 000030
|a 1
|e BOA001
|j MZK50
|s A
|
| 996 |
7 |
|
|b 2610540910
|c 2-1298.455
|l MZK
|r Sklad / do 1 hodiny
|n 8
|p kup
|w 001308516
|u 000040
|a 1
|e BOA001
|j MZK50
|s A
|